प्रेममाधुरी और स्फुट कविताएं / (Record no. 112569)

MARC details
000 -LEADER
fixed length control field 01301nam a22002897a 4500
005 - DATE AND TIME OF LATEST TRANSACTION
control field 20170124102940.0
010 ## - LIBRARY OF CONGRESS CONTROL NUMBER
LC control number 438419
020 ## - INTERNATIONAL STANDARD BOOK NUMBER
Terms of availability 2.50
035 ## - SYSTEM CONTROL NUMBER
System control number 438419
037 ## - SOURCE OF ACQUISITION
Source of stock number/acquisition Cen Lib/Ret
040 ## - CATALOGING SOURCE
Original cataloging agency DPL
Language of cataloging HN
082 ## - DEWEY DECIMAL CLASSIFICATION NUMBER
Classification number 821.08
Item number हरिश
100 ## - MAIN ENTRY--PERSONAL NAME
Personal name हरिशचन्द्र, भारतेन्दु
9 (RLIN) 44241
245 ## - TITLE STATEMENT
Title प्रेममाधुरी और स्फुट कविताएं /
Statement of responsibility, etc भारतेन्दु हरिशचन्द्र; संपादक रणधीर सिन्हा [और] भूषण स्वामी
246 ## - VARYING FORM OF TITLE
Title proper/short title Prem madhuri aur sfut kavitayen /
Remainder of title by Bhartendu Harishchandra; sampadak Randhir Sinha [aur] Bhushan Swami
250 ## - EDITION STATEMENT
Edition statement 2nd ed
260 ## - PUBLICATION, DISTRIBUTION, ETC. (IMPRINT)
Place of publication, distribution, etc दिल्ली
Name of publisher, distributor, etc हिन्दी साहित्य संसार
Date of publication, distribution, etc 1966
270 ## - ADDRESS
City दिल्ली
Postal code 110006
300 ## - PHYSICAL DESCRIPTION
Extent 179पृ.
Dimensions 16सेमी (सजिल्द)
650 ## - SUBJECT ADDED ENTRY--TOPICAL TERM
Topical term or geographic name as entry element हिन्दी साहित्य
9 (RLIN) 48219
650 ## - SUBJECT ADDED ENTRY--TOPICAL TERM
Topical term or geographic name as entry element कविताएं
9 (RLIN) 48220
650 ## - SUBJECT ADDED ENTRY--TOPICAL TERM
Topical term or geographic name as entry element Hindi literature
9 (RLIN) 48221
650 ## - SUBJECT ADDED ENTRY--TOPICAL TERM
Topical term or geographic name as entry element Poetry
9 (RLIN) 48222
700 ## - ADDED ENTRY--PERSONAL NAME
Personal name सिन्हा, रणधीर
9 (RLIN) 48223
700 ## - ADDED ENTRY--PERSONAL NAME
Personal name स्वामी, भूषण
9 (RLIN) 48224
942 ## - ADDED ENTRY ELEMENTS (KOHA)
Source of classification or shelving scheme Dewey Decimal Classification
Koha item type Hindi Books
Classification part 821.08
Call number suffix हरिश
Holdings
Withdrawn status Lost status Damaged status Not for loan Home library Current library Date acquired Source of acquisition Cost, normal purchase price Total Checkouts Full call number Barcode Date last seen Copy number Cost, replacement price Price effective from Koha item type
        Central Library Central Library 08/08/2015 Cen Lib/Ret 2.50   821.08 हरिश 438419 08/08/2015 1 2.50 08/08/2015 Hindi Books

© Delhi Public Library
Hit Counter
free hit counter